| 000 | 00535nam a2200181 a 4500 | ||
|---|---|---|---|
| 001 | 000034762 | ||
| 005 | 20200930073904.0 | ||
| 008 | 111019s1968 mx 000 0 spa d | ||
| 040 |
_aDO-SdBNP _bspa _cBNPHU |
||
| 082 |
_axxxx _bS161e |
||
| 100 | 1 |
_aSalazar Bondy, Augusto _960243 |
|
| 245 | 1 | 0 |
_a¿Existe una filosofía de nuestra américa? / _cAugusto Salazar Bondy ; prólogo A.S.B. |
| 260 |
_aMéxico : _bSiglo XXl, _c1968. |
||
| 300 |
_a133 p. ; _c16 p. |
||
| 490 | 1 |
_aMínima _v22 |
|
| 830 | 0 |
_aMínima _v22 _928232 |
|
| 049 | _aBNGR | ||
| 999 |
_c34253 _d34253 |
||